The Encyclopedia of New England : (Record no. 580300)

MARC details
000 -LEADER
fixed length control field 00459nam a2200193 a 4500
008 - FIXED-LENGTH DATA ELEMENTS--GENERAL INFORMATION
fixed length control field 250811s2005##################000#0#eng##
020 ## - INTERNATIONAL STANDARD BOOK NUMBER
ISBN 9780300100273
082 04 - DEWEY DECIMAL CLASSIFICATION NUMBER
Classification number 974.003
Item number HAL
100 1# - MAIN ENTRY--AUTHOR NAME
Personal name Feintuch, Burt,
245 10 - TITLE STATEMENT
Title The Encyclopedia of New England :
260 ## - PUBLICATION, DISTRIBUTION, ETC. (IMPRINT)
Year of publication 2005.
300 ## - PHYSICAL DESCRIPTION
Number of Pages 1564 pages
650 #0 - SUBJECT ADDED ENTRY--TOPICAL TERM
Topical Term History.
942 ## - ADDED ENTRY ELEMENTS (KOHA)
Koha item type English Books
Holdings
Withdrawn status Lost status Damaged status Not for loan Home library Current library Shelving location Date acquired Full call number Accession Number Price effective from Koha item type
        Anna Centenary Library Anna Centenary Library 7TH FLOOR, B WING 11.08.2025 974.003 HAL 124027 11.08.2025 English Books

Find us on the map